Derecho procesal penal: conceptos fundamentales y principios procesales; introducción sobre la base de casos

Αποθηκεύτηκε σε:
Λεπτομέρειες βιβλιογραφικής εγγραφής
Κύριος συγγραφέας: Baumann, Jurgen (Συγγραφέας)
Μορφή: Βιβλίο
Γλώσσα:Ισπανικά
Έκδοση: Buenos Aires Depalma 1986
Σειρά:Abriendo Surcos
Θέματα:
Ετικέτες: Προσθήκη ετικέτας
Δεν υπάρχουν, Καταχωρήστε ετικέτα πρώτοι!

MARC

LEADER 00000nam a2200000 a 4500
001 UCV1422
003 CL-VaPUC
008 900612e19860000AG |||||||||||||||||spa|d
082 0 4 |a 345.2  |b BAU  |2 21 
100 |a Baumann, Jurgen  |e author  |9 295782 
245 1 0 |a Derecho procesal penal: conceptos fundamentales y principios procesales; introducción sobre la base de casos 
300 |a 299 p 
942 |c BK 
945 |d 19900612 00:00:00 
260 |a Buenos Aires  |b Depalma  |c 1986 
650 0 |a Procedimiento penal  |9 254974 
583 |a last modification  |c 19900612 00:00:00  |k Rodrigo Vera 
490 0 |a Abriendo Surcos 
999 |c 209380  |d 209378 
952 |0 0  |1 0  |4 0  |6 345_200000000000000_BAU_1986  |7 0  |8 A  |9 184750  |a BIBDER  |b BIBDER  |d 2019-11-14  |i 2520672  |o 345.2 BAU 1986  |p 2520672  |r 2023-01-25  |w 2019-11-14  |y BK  |k DER